000 00727nam a2200217 a 4500
001 BRCA_7265
005 20190320205755.0
008 270112s1995----si-a######---#000-0#eng-#
020 _a0300063415
041 _aeng
044 _asi
050 4 _aNA521.I8
_b.G65 1995
100 1 _aGoldfarb, Hilliard T.
_917994
245 1 0 _aThe Isabella Stewart Gardner Museum
_ba Companion Guide and History
_cHilliard T. Goldfarb ; new photography by David Bohl.
260 _aSingapur
_bYale University
_c1995
300 _aviii, 152 p.
_bil. (algunas a color)
_c25 cm.
500 _aIncluye índice alfabético
610 2 4 _aIsabella Stewart Gardner Museum
_vGuías turísticas
_917995
700 1 _aBohl, David
_917996
942 _2lcc
_cB
999 _c6945
_d6945